Culture Générale - Série 814 - Statistiques

Statistiques générales
  • Ce quiz a été pris 128 fois
  • Le résultat moyen est 6 sur 10
Statistiques - réponses
Question Réponse % Correct
De quel pays les yakitoris, les makis et les sashimis sont-ils des spécialités culinaires ? Japon
94%
Quelle est la capitale de la Mongolie ? Oulan-Bator
83%
Quel nom, issu de l'italien "cappuccino", désigne un religieux de la famille des Franciscains ? capucin
75%
Quelle pierre précieuse, généralement bleue, désigne la pointe de lecture d'une platine de disques vinyles ? saphir
75%
Ville de la Drôme célèbre pour sa "clairette" Die
73%
Quelle boisson, la préférée du capitaine Haddock, se met en boule dans l'album "Objectif Lune" ? whisky
72%
Sous quel nom est plus connue Norma Jean Baker Mortenson ? Marilyn Monroe
60%
Je désigne à la fois un ange, un enfant très mignon et un adolescent qui s'éveille à l'amour dans "Le Mariage de Figaro", qui suis-je ? chérubin
50%
Quelle substance organique est contenue dans le blanc d'oeuf, le plasma et le lait ? albumine
29%
À quelle artiste française, prénommée Marie, doit-on la toile “Apollinaire et ses amis”, peinte en 1909 ? Marie Laurencin
27%
Aucun quiz correspondant
Distribution des résultats
% des personnes avec chaque résultat
Percentile par nombre de réponses
Votre historique - résultats
Vous n’avez pas pris ce quiz